Name a Pokémon (First Generation) A - Z - Statistics

General Stats
  • This quiz has been taken 188 times
  • The average score is 19 of 22
Answer Stats
Letters Pokémon (First Generation) % Correct
P Paras | Parasect | Persian | Pidgeot | Pidgeotto | Pidgey | Pikachu | Pinsir | Poliwag | Poliwhirl | Poliwrath | Ponyta | Porygon | Primeape | Psyduck
96%
C Caterpie | Chansey | Charizard | Charmander | Charmeleon | Clefable | Clefairy | Cloyster | Cubone
95%
A Abra | Aerodactyl | Alakazam | Arbok | Arcanine | Articuno
94%
B Beedrill | Bellsprout | Blastoise | Bulbasaur | Butterfree
94%
D Dewgong | Diglett | Ditto | Dodrio | Doduo | Dragonair | Dragonite | Dratini | Drowzee | Dugtrio
89%
S Sandshrew | Sandslash | Scyther | Seadra | Seaking | Seel | Shellder | Slowbro | Slowpoke | Snorlax | Spearow | Squirtle | Starmie | Staryu
89%
E Eevee | Ekans | Electabuzz | Electrode | Exeggcute | Exeggutor
88%
G Gastly | Gengar | Geodude | Gloom | Golbat | Goldeen | Golduck | Golem | Graveler | Grimer | Growlithe | Gyarados
88%
K Kabuto | Kabutops | Kadabra | Kakuna | Kangaskhan | Kingler | Koffing | Krabby
88%
M Machamp | Machoke | Machop | Magikarp | Magmar | Magnemite | Magneton | Mankey | Marowak | Meowth | Metapod | Mew | Mewtwo | Moltres | Mr. Mime | Muk
88%
R Raichu | Rapidash | Raticate | Rattata | Rhydon | Rhyhorn
88%
V Vaporeon | Venomoth | Venonat | Venusaur | Victreebel | Vileplume | Voltorb | Vulpix
86%
O Oddish | Omanyte | Omastar | Onix
85%
J Jigglypuff | Jolteon | Jynx
83%
H Haunter | Hitmonchan | Hitmonlee | Horsea | Hypno
82%
N Nidoking | Nidoqueen | Nidoran♀ | Nidoran♂ | Nidorina | Nidorino | Ninetales
80%
W Wartortle | Weedle | Weepinbell | Weezing | Wigglytuff
80%
F Farfetch'd | Fearow | Flareon
79%
Z Zapdos | Zubat
79%
L Lapras | Lickitung
70%
T Tangela | Tauros | Tentacool | Tentacruel
70%
I Ivysaur
69%
No matching quizzes found
Score Distribution
Percent of People with Each Score
Percentile by Number Answered
Your Score History
You have not taken this quiz